000 00715nam a2200289Ia 4500
005 20260324143305.0
008 008 260324s9999 xx 000 0 eng d
020 _a9781315056586
037 _aEBOOK
040 _aCRL
040 _beng
040 _cCRL
041 _2eng
041 _aeng
084 _qCRL
100 _aAveril Evans McClelland
_91215105
245 4 _aThe Education of Women in the United States
245 2 _bA Guide to Theory, Teaching, and Research
260 _bTaylor and Francis
260 _c1992
365 _a
365 _b62.99
856 _uhttp://www.taylorfrancis.com/books/9781315056586
942 _cEBOOK
999 _c1820299
_d1820299